Statistics for NBA Records

Click here to take the quiz!

General Stats

  • This quiz has been taken 41 times
  • The average score is 11 of 15

Answer Stats

% Correct
The player with the most three pointers ever made in a single NBA seasonStephen Curry
100%
The player who scored the most points in an NBA gameWilt Chamberlain
97%
The player with most NBA career playoff pointsLebron James
94%
The Player with the most points ever in an NBA playoff gameMichael Jordan
91%
The player with the most NBA championshipsBill Russel
88%
The player with the most NBA career pointsKareem Abdul-Jabbar
85%
The player with the most triple doubles in an NBA seasonRussel Westbrook
85%
The player with the most blocks in an NBA careerHakeem Olajuwon
68%
The team with the most NBA championshipsThe Boston Celtics
65%
The player with the most steals in their NBA careerJohn Stockton
62%
The team with the most wins ever in a single NBA seasonThe Golden State Warriors
59%
The youngest NBA player to ever win the MVP awardDerrick Rose
53%
The most assists ever dished out in one NBA game was30
50%
The most MVP awards won by a player in their NBA career6
29%
The most three pointers ever made by a player in an NBA game14
26%

Score Distribution

Percentile by Number Answered

Percent of People with Each Score

Your Score History

You have not taken this quiz